000
00312nam a22001457a 4500
008
210604b ||||| |||| 00| 0 eng d
020
_a
0397506627
041
_a
eng
080
_a
541
082
_a
541
100
_a
12
101
_a
KIM
245
_a
Clinical Chemistry
_c
Michael L. Bishop
942
_2
udc
_c
BK
999
_c
57973
_d
57973